MARC details
| 000 -LEADER |
| fixed length control field |
03169cam a2200529 i 4500 |
| 001 - CONTROL NUMBER |
| control field |
data |
| 005 - DATE AND TIME OF LATEST TRANSACTION |
| control field |
20260322212123.0 |
| 008 - FIXED-LENGTH DATA ELEMENTS--GENERAL INFORMATION |
| fixed length control field |
data |
| 035 ## - SYSTEM CONTROL NUMBER |
| System control number |
19604278 |
| 010 ## - LIBRARY OF CONGRESS CONTROL NUMBER |
| LC control number |
2017304323 |
| 015 ## - NATIONAL BIBLIOGRAPHY NUMBER |
| National bibliography number |
GBB8K5656 |
| Source |
bnb |
| 016 7# - NATIONAL BIBLIOGRAPHIC AGENCY CONTROL NUMBER |
| Record control number |
018231653 |
| Source |
Uk |
| 020 ## - INTERNATIONAL STANDARD BOOK NUMBER |
| International Standard Book Number |
8776749924 |
| 020 ## - INTERNATIONAL STANDARD BOOK NUMBER |
| International Standard Book Number |
9788776749927 |
| Qualifying information |
(paperback) |
| 035 ## - SYSTEM CONTROL NUMBER |
| System control number |
(OCoLC)966925160 |
| 040 ## - CATALOGING SOURCE |
| Original cataloging agency |
YDX |
| Language of cataloging |
eng |
| Transcribing agency |
YDX |
| Description conventions |
rda |
| Modifying agency |
DLC |
| -- |
OHX |
| -- |
OCLCF |
| -- |
STF |
| -- |
GZM |
| -- |
WTU |
| -- |
GUA |
| -- |
UAB |
| -- |
GRU |
| -- |
UKMGB |
| -- |
OCLCO |
| -- |
DLC |
| 041 1# - LANGUAGE CODE |
| Language code of text/sound track or separate title |
eng |
| Language code of original |
dan |
| 042 ## - AUTHENTICATION CODE |
| Authentication code |
lccopycat |
| 050 00 - LIBRARY OF CONGRESS CALL NUMBER |
| Classification number |
CT22 |
| Item number |
.P6813 2017 |
| 082 04 - DEWEY DECIMAL CLASSIFICATION NUMBER |
| Classification number |
809.93592 |
| Edition information |
23 |
| 100 1# - MAIN ENTRY--PERSONAL NAME |
| Personal name |
Possing, Birgitte, |
| Dates associated with a name |
1952- |
| Relator term |
author. |
| 240 10 - UNIFORM TITLE |
| Uniform title |
Ind i biografien. |
| Language of a work |
English |
| 245 10 - TITLE STATEMENT |
| Title |
Understanding biographies : |
| Remainder of title |
on biographies in history and stories in biography / |
| Statement of responsibility, etc. |
Birgitte Possing ; translated from the Danish by Gaye Kynoch. |
| 264 #1 - PRODUCTION, PUBLICATION, DISTRIBUTION, MANUFACTURE, AND COPYRIGHT NOTICE |
| Place of production, publication, distribution, manufacture |
Odense : |
| Name of producer, publisher, distributor, manufacturer |
University Press of Southern Denmark, |
| Date of production, publication, distribution, manufacture, or copyright notice |
2017. |
| 300 ## - PHYSICAL DESCRIPTION |
| Extent |
232 pages : |
| Other physical details |
illustrations ; |
| Dimensions |
23 cm. |
| 336 ## - CONTENT TYPE |
| Content type term |
text |
| Content type code |
txt |
| Source |
rdacontent |
| 337 ## - MEDIA TYPE |
| Media type term |
unmediated |
| Media type code |
n |
| Source |
rdamedia |
| 338 ## - CARRIER TYPE |
| Carrier type term |
volume |
| Carrier type code |
nc |
| Source |
rdacarrier |
| 490 0# - SERIES STATEMENT |
| Series statement |
University of Southern Denmark studies in history and social sciences ; |
| Volume/sequential designation |
vol. 538 |
| 500 ## - GENERAL NOTE |
| General note |
Revised and translated version of the author's Ind i biografien published in 2015. |
| 504 ## - BIBLIOGRAPHY, ETC. NOTE |
| Bibliography, etc. note |
Includes bibliographical references (pages 197-227) and index. |
| 505 00 - FORMATTED CONTENTS NOTE |
| Miscellaneous information |
Index. |
| Title |
Who is right : the archive rat or the stylist? -- |
| -- |
Where's the muscle? -- |
| -- |
The biography dies, and is reborn -- |
| -- |
Biographical definitions -- |
| -- |
Biographical relevance and historical weight of the individual -- |
| -- |
Biographical gender -- |
| -- |
Who are the biographers - who are their protagonists? -- |
| -- |
Biographical archetypes -- |
| -- |
Attitudes, principles, and critics -- |
| -- |
Conventions and innovations -- |
| -- |
Dusting down and new biographies -- |
| -- |
The elastic principles of biography -- |
| -- |
The biographical triangle -- |
| -- |
Friend, enemy, puppeteer or ghostwriter -- |
| -- |
Biographical ethics -- |
| -- |
Where is privacy -- |
| -- |
A higher form of cannibalism? -- |
| -- |
Tread softly - for you tread on my life -- |
| -- |
Posthumous privacy -- |
| -- |
Biographical muscle -- |
| -- |
Four biographies, and how they were read, written and reviewed -- |
| -- |
Four biographies -- |
| -- |
Just for fun -- |
| -- |
The Tautology of myth -- |
| -- |
Life caught between light and darkness -- |
| -- |
Who is right : the archive rat or the stylist? -- |
| Miscellaneous information |
Acknowledgements -- |
| -- |
Literature, references, index -- |
| -- |
Literature -- |
| -- |
Journals and newspapers -- |
| -- |
References -- |
| -- |
Index. |
| 546 ## - LANGUAGE NOTE |
| Language note |
Translated from the Danish. |
| 650 #0 - SUBJECT ADDED ENTRY--TOPICAL TERM |
| Topical term or geographic name entry element |
Biography as a literary form. |
| 650 #0 - SUBJECT ADDED ENTRY--TOPICAL TERM |
| Topical term or geographic name entry element |
Biography. |
| 650 #6 - SUBJECT ADDED ENTRY--TOPICAL TERM |
| Topical term or geographic name entry element |
Biographie (Genre littéraire) |
| 650 #6 - SUBJECT ADDED ENTRY--TOPICAL TERM |
| Topical term or geographic name entry element |
Biographies. |
| 650 #7 - SUBJECT ADDED ENTRY--TOPICAL TERM |
| Topical term or geographic name entry element |
biographies (literary works) |
| Source of heading or term |
aat |
| 650 #7 - SUBJECT ADDED ENTRY--TOPICAL TERM |
| Topical term or geographic name entry element |
collective biographies. |
| Source of heading or term |
aat |
| 650 #7 - SUBJECT ADDED ENTRY--TOPICAL TERM |
| Topical term or geographic name entry element |
Biography. |
| Source of heading or term |
fast |
| Authority record control number or standard number |
(OCoLC)fst00832149 |
| 650 #7 - SUBJECT ADDED ENTRY--TOPICAL TERM |
| Topical term or geographic name entry element |
Biography as a literary form. |
| Source of heading or term |
fast |
| Authority record control number or standard number |
(OCoLC)fst00832172 |
| 700 1# - ADDED ENTRY--PERSONAL NAME |
| Personal name |
Kynoch, Gaye, |
| Relator term |
translator. |
| 830 #0 - SERIES ADDED ENTRY--UNIFORM TITLE |
| Uniform title |
University of Southern Denmark studies in history and social sciences ; |
| Volume/sequential designation |
v. 538. |
| 906 ## - LOCAL DATA ELEMENT F, LDF (RLIN) |
| a |
7 |
| b |
cbc |
| c |
copycat |
| d |
2 |
| e |
ncip |
| f |
20 |
| g |
y-gencatlg |
| 925 0# - |
| -- |
acquire |
| -- |
1 shelf copy |
| -- |
policy default |